How to get a good degree : (Record no. 4138)
[ view plain ]
| 000 -LEADER | |
|---|---|
| fixed length control field | 00739nam a22002292 4500 |
| 001 - CONTROL NUMBER | |
| control field | 0000020588 |
| 005 - DATE AND TIME OF LATEST TRANSACTION | |
| control field | 20151217145925.0 |
| 008 - FIXED-LENGTH DATA ELEMENTS--GENERAL INFORMATION | |
| fixed length control field | 110926s xx 000 0 eng d |
| 020 ## - INTERNATIONAL STANDARD BOOK NUMBER | |
| International Standard Book Number | 8176490903 : |
| 040 ## - CATALOGING SOURCE | |
| Original cataloging agency | KABU |
| Transcribing agency | KABU |
| 100 1# - MAIN ENTRY--PERSONAL NAME | |
| Personal name | Race, Phil. |
| -- | 0000157897 |
| 245 10 - TITLE STATEMENT | |
| Title | How to get a good degree : |
| Remainder of title | making the most of your time at university / |
| Statement of responsibility, etc. | Phil Race. |
| 250 ## - EDITION STATEMENT | |
| Edition statement | 1st ed. |
| 260 ## - PUBLICATION, DISTRIBUTION, ETC. (IMPRINT) | |
| Place of publication, distribution, etc. | New Delhi : |
| Name of publisher, distributor, etc. | Viva Books, |
| Date of publication, distribution, etc. | 1999. |
| 300 ## - PHYSICAL DESCRIPTION | |
| Extent | x, 258 p. |
| 650 #0 - SUBJECT ADDED ENTRY--TOPICAL TERM | |
| Topical term or geographic name as entry element | College student orientation. |
| -- | 0000071833 |
| 650 #0 - SUBJECT ADDED ENTRY--TOPICAL TERM | |
| Topical term or geographic name as entry element | Study skills. |
| -- | 0000153594 |
| 852 1# - LOCATION | |
| -- | p620 KES |
| 852 1# - LOCATION | |
| -- | p620 KES |
| 908 ## - PUT COMMAND PARAMETER (RLIN) | |
| Put command parameter | 110926 |
| 950 ## - LOCAL HOLDINGS (RLIN) | |
| -- | 1 |
| Withdrawn status | Lost status | Source of classification or shelving scheme | Not for loan | Home library | Current library | Date acquired | Total Checkouts | Full call number | Barcode | Date last seen | Price effective from | Koha item type | Total Renewals | Date last checked out |
|---|---|---|---|---|---|---|---|---|---|---|---|---|---|---|
| Library of Congress Classification | Kabarak, Main Campus | Kabarak, Main Campus | 17/12/2015 | LB2343.3 .R33 1999 c. 2 | 21552 | 17/12/2015 | 17/12/2015 | General Collection | ||||||
| Library of Congress Classification | Kabarak, Main Campus | Kabarak, Main Campus | 17/12/2015 | 2 | LB2343.3 .R33 1999 c. 1 | 21551 | 03/08/2025 | 17/12/2015 | General Collection | 2 | 16/06/2025 |